Fizika pročnosti i plastičnosti

Saved in:
Bibliographic Details
Format: Book
Language:Russian
Published: Leningrad : Nauka, 1986
Tags: Add Tag
No Tags, Be the first to tag this record!

MARC

LEADER 00000nam a22000003a 4500
001 stu19475
005 20141122080354.9
008 ------s1986----xxr-----------------rus-d
040 |a STU  |b slo 
041 0 |a rus 
044 |a xxr 
080 |a 539.04 
245 |a Fizika pročnosti i plastičnosti 
260 |a Leningrad :  |b Nauka,  |c 1986 
300 |a 150 s :  |b Tab.,grafy,lit 
996 |b C77604  |c C*77604  |l CCV  |s P  |a 0  |w stu19475_0001